| 000 | 00705nam#a22002535a#4500 | ||
|---|---|---|---|
| 001 | 2422 | ||
| 245 | 1 | 3 |
_aMort Cinder / _cHéctor Germán Oesterheld ; dirigido por Pablo De Santis y Juan Sasturain. |
| 250 | _a1ª ed. | ||
| 260 |
_aBuenos Aires : _bColihue, _c2013. |
||
| 300 |
_a256 p. ; _c31 cm. |
||
| 490 | 0 | _a(Enedé narrativa) | |
| 020 | _a9789876849616 | ||
| 100 | 1 | _aOesterheld, Héctor Germán. | |
| 700 | 1 |
_aDe Santis, Pablo. _4pbd |
|
| 700 | 1 |
_aSasturain, Juan. _4pbd |
|
| 080 | _a82-312.4 | ||
| 084 | _aO36 | ||
| 653 | _aCuentos de terror | ||
| 040 |
_aAR-ClEAG _cAR-ClEAG |
||
| 008 | 141015s2013####ag#####g######001#j#spa#d | ||
| 005 | 20241107184744.0 | ||
| 003 | AR-ClEAG | ||
| 942 | _cBK | ||
| 999 |
_c2422 _d2422 |
||
| 980 |
_62 _aEvangelina Gallicchio _82 _gEvangelina Gallicchio |
||